Your Basis Nightmare (Record no. 883)

MARC details
000 -LEADER
fixed length control field 00278nam a22001097a 4500
008 - FIXED-LENGTH DATA ELEMENTS--GENERAL INFORMATION
fixed length control field 160625b xxu||||| |||| 00| 0 eng d
100 ## - MAIN ENTRY--PERSONAL NAME
9 (RLIN) 1097
Personal name Pascal, F
245 ## - TITLE STATEMENT
Title Your Basis Nightmare
260 ## - PUBLICATION, DISTRIBUTION, ETC. (IMPRINT)
Place of publication, distribution, etc. N.Y
Name of publisher, distributor, etc. Bantam Books
Date of publication, distribution, etc. 1999
300 ## - PHYSICAL DESCRIPTION
Extent Your Basis Nightmare
942 ## - ADDED ENTRY ELEMENTS (KOHA)
Source of classification or shelving scheme Dewey Decimal Classification
Koha item type BOOK
Holdings
Withdrawn status Lost status Source of classification or shelving scheme Damaged status Not for loan Home library Current library Shelving location Date acquired Total Checkouts Full call number Barcode Date last seen Date last checked out Price effective from Koha item type
    Dewey Decimal Classification     Good Samaritan School Library Good Samaritan School Library FICTION 06/25/2016 1 823 PAS1315 08/11/2017 08/04/2017 06/25/2016 BOOK

Powered by Koha